LEADER 01878nam a2200409 u 4500 001 000000033169 003 CaOOAMICUS 005 20070226112331.0 008 971028s1997 vc u000 u ita u 020 $a8820924269 035 $a10774686 040 $aIPA$bita$dBAV 041 1 $aita$alat 100 0 $aAugustinus,$cs., vesc. d'Ippona,$d354-430.$0(OLS)http://pul/name/1290 240 10$aGruppi, scelte$9(Augustinus, s., vesc. d'Ippona, 354-430).$lItaliano e latino.$0(OLS)http://pul/title/35173 245 13$aLa dottrina eucaristica di Sant'Agostino /$cintroduzione, note e versione italiana di Gerardo Di Nola. 250 $aEd. bilingue. 260 $aCittą del Vaticano :$bLibreria editrice vaticana,$cc1997. 300 $a459 p. ;$c21 cm 490 1 $aBibliotheca patristica eucharistica ;$v[2] 504 $aComprende riferimenti bibliografici. 600 04$aAugustinus,$cs., vesc. d'Ippona,$d354-430.$0(OLS)http://pul/subject/758 650 4$aEucaristia.$0(OLS)http://pul/subject/1539 700 1 $aDi Nola, Gerardo.$0(OLS)http://pul/name/5673 830 0$aBibliotheca patristica eucharistica ;$v[2].$0(OLS)http://pul/title/45680 850 $aPUL 852 $aPUL$W1$xSL Religione 1$y3$m68 A 27$j45590$nBK-PRI$b $qStampati$B45590$CPULBib$Z2$F45590 $H $81 900 $aAgostino,$cs., vesc. d'Ippona,$d354-430$91290 900 $aAgostino, Aurelio,$cs., vesc. d'Ippona$d354-430$91290 941 1 $a8 960 $aAgostino,$cs., vesc. d'Ippona,$d354-430$9758 960 $aEucarestia$91539 960 $aComunione (sacramento)$91539 961 $aINV: 77402 996 $6020$a8820924269$9(OLS)http://pul/number/41719 996 $6245$aLa dottrina eucaristica di Sant'Agostino$9(OLS)http://pul/title/45679 996 $6260$aCittą del Vaticano :$bLibreria editrice vaticana$9(OLS)http://pul/publisher/47920 LEADER 01283nam a2200277 u 4500 001 000000074172 003 CaOOAMICUS 005 20070226122431.0 008 021202n ke u000 u eng u 020 $a011987234X 035 $a10946807 040 $aPUL$bita 245 00$aIndustries and enforcement of environmental law in Africa :$bindustry experts rewiew environmental practice. 260 $aNairobi :$bUnep / undp joint Project on Environmental law and institutions in Africa,$c[s.d.] 300 $a198 p. ;$c25 cm 500 $aContiene indice analitico. 500 $aTesto su due colonne. 650 4$aIndustrializzazione.$0(OLS)http://pul/subject/19504 651 4$aAfrica$xCondizioni sociali.$0(OLS)http://pul/subject/25589 850 $aPUL 852 $aPUL$W1$xDP2 Cons. Gen., Altre Classi 1$y61$m1390 U 65$j95727$nBK-PRI$b $qStampati$B95727$CPULBib$Z2$F95727 $81 941 1 $a8 961 $aINV: 88831 996 $6020$a011987234X$9(OLS)http://pul/number/95997 996 $6245$aIndustries and enforcement of environmental law in Africa :$bindustry experts rewiew environmental practice$9(OLS)http://pul/title/97459 996 $6260$aNairobi :$bUnep / undp joint Project on Environmental law and institutions in Africa$9(OLS)http://pul/publisher/74478